Les Donjons de The Legend of Zelda - Statistiques

Statistiques générales
  • Ce quiz a été pris 15 fois
  • Le résultat moyen est 4 sur 9
Statistiques - réponses
Nom du donjon % Correct
1 Donjon Aigle
80%
6 Donjon Dragon
70%
8 Donjon Lion
50%
3 Donjon Manji
50%
4 Donjon Serpent
50%
9 Montagne de la Mort
50%
2 Donjon Lune
40%
7 Donjon Démon
30%
5 Donjon Lézard
20%
Aucun quiz correspondant
Distribution des résultats
% des personnes avec chaque résultat
Percentile par nombre de réponses
Votre historique - résultats
Vous n’avez pas pris ce quiz